000 00489nam a22001937a 4500
003 OSt
005 20140310183125.0
008 130528t xxu||||| |||| 00| 0 eng d
020 _a9710412075
050 _aPN 524
_b.C957 2010
082 _aFIL 808.8
_bC955 2010
245 _aA Treasury of World Literature third edition
_cCruz, Jesus Q.
300 _a493 p.
521 _acollege students
526 _c1210L-1700L
541 _j1
562 _e1
942 _2lcc
_cBK
_kFIL
999 _c19009
_d19009